| 000 | 00507nam a2200205Ia 4500 | ||
|---|---|---|---|
| 008 | 210210b1985 xxu||||| |||| 00| 0 eng d | ||
| 020 | _a0 304 31244 4 | ||
| 082 | _a657.45076 LYNO | ||
| 100 | _aLYNCH (Chart Foulks) | ||
| 245 | _aOne hundred questions and answers | ||
| 260 |
_aGreat Britain. _bHolt Rinehart & Winston Ltd., _c1985 |
||
| 300 | _ax,209 | ||
| 650 | _aquestions | ||
| 650 | _aOne | ||
| 650 | _ahundred | ||
| 650 | _aanswers | ||
| 650 | _aand | ||
| 690 | _aAuditing | ||
| 906 | _a046859 | ||
| 999 |
_c95943 _d95943 |
||